| 000 | 01246cam a2200301 a 4500 | ||
|---|---|---|---|
| 999 |
_c342311 _d342311 |
||
| 001 | 2127168 | ||
| 003 | NUST | ||
| 005 | 20171218102423.0 | ||
| 008 | 971008s1998 nyuab b 001 0 eng | ||
| 010 | _a 97044579 | ||
| 020 | _a0471242071 (alk. paper : pbk.) | ||
| 035 | _a(DLC) 97044579 | ||
| 040 |
_aDLC _cDLC _dDLC |
||
| 050 | 0 | 0 |
_aHD108.6 _b.M37 1998 |
| 082 | 0 | 0 |
_a712 MAR _221 |
| 100 | 1 |
_aMarsh, William M. _97404 |
|
| 245 | 1 | 0 |
_aLandscape planning : _benvironmental applications / _cWilliam M. Marsh. |
| 250 | _a3rd ed. | ||
| 260 |
_aIslamabad : _bAIOU, NBF _cc2000.. |
||
| 300 |
_axiv, 434p. : _bill., maps ; _c28 cm. |
||
| 500 | _aP.B | ||
| 504 | _aIncludes bibliographical references and index. | ||
| 650 | 0 |
_aLand use _xPlanning _xEnvironmental aspects. _97405 |
|
| 650 | 0 |
_aLandscape architecture _xEnvironmental aspects. _97406 |
|
| 650 | 0 |
_aLandscape protection. _97407 |
|
| 856 | 4 | 2 |
_3Publisher description _uhttp://www.loc.gov/catdir/description/wiley032/97044579.html |
| 856 | 4 |
_3Table of Contents _uhttp://www.loc.gov/catdir/toc/onix02/97044579.html |
|
| 906 |
_a7 _bcbc _corignew _d1 _eocip _f19 _gy-gencatlg |
||
| 942 |
_2ddc _cBK _kIESE |
||